Statistics for Who Wrote That Book #1

Click here to take the quiz!

General Stats

  • This quiz has been taken 79,646 times
  • The average score is 13 of 24

Answer Stats

BookAuthor% Correct
HamletWilliam Shakespeare
94%
1984George Orwell
90%
The IliadHomer
85%
Great ExpectationsCharles Dickens
78%
Anna KareninaLeo Tolstoy
71%
Wuthering HeightsEmily Bronte
69%
The Great GatsbyF. Scott Fitzgerald
64%
Les MiserablesVictor Hugo
64%
A Farewell to ArmsErnest Hemingway
55%
The Catcher in the RyeJ.D. Salinger
55%
The Grapes of WrathJohn Steinbeck
55%
Crime and PunishmentFyodor Dostoyevsky
53%
The Canterbury TalesGeoffrey Chaucer
51%
Don QuixoteMiguel de Cervantes
44%
On the RoadJack Kerouac
43%
The Bell JarSylvia Plath
42%
Heart of DarknessJoseph Conrad
41%
LolitaVladimir Nabokov
40%
Slaughterhouse-FiveKurt Vonnegut
38%
Lord of the FliesWilliam Golding
38%
Gulliver's TravelsJonathan Swift
36%
Catch-22Joseph Heller
35%
Madame BovaryGustave Flaubert
29%
Gravity's RainbowThomas Pynchon
14%

Score Distribution

Percentile by Number Answered

Percent of People with Each Score

Your Score History

You have not taken this quiz